Physiology of sport and exercise / (رقم التسجيلة. 31612)
[ عرض عادي ]
| 000 -الفاتح | |
|---|---|
| حقل البيانات ثابتة الطول | 02248cam a22004098a 4500 |
| 001 - رقم الضبط | |
| رقم الضبط | 16931552 |
| 003 - محدد رقم الضبط | |
| رقم الضبط | OSt |
| 005 - وقت وتاريخ اخر تعامل مع التسجيلة | |
| رقم الضبط | 20190822112051.0 |
| 008 - عناصر البيانات ثابتة الطول - معلومات عامة | |
| حقل البيانات ثابتة الطول | 110819s2012 ilu b 001 0 eng |
| 010 ## - رقم ضبط مكتبة الكونجرس | |
| رقم ضبط مكتبة الكونجرس | 2011035158 |
| 020 ## - الرقم الدولى المعيارى للكتب | |
| الرقم الدولى المعيارى للكتاب | 9780736094092 (print) |
| 020 ## - الرقم الدولى المعيارى للكتب | |
| الرقم الدولى المعيارى للكتاب | 0736094091 (print) |
| 020 ## - الرقم الدولى المعيارى للكتب | |
| الرقم الدولى المعيارى للكتاب | 9781492572299 |
| 035 ## - رقم ضبط النظام | |
| رقم ضبط النظام | (DNLM)101567332 |
| 040 ## - مصدر الفهرسة | |
| وكالة الفهرسة الأصلية | DNLM/DLC |
| وكالة النسخ | DLC |
| 042 ## - رمز التحقق | |
| رمز التحقق | pcc |
| 060 10 - رقم الطلب بالمكتبة الطبية الوطنية | |
| رقم التصنيف | QT 260 |
| 082 00 - رقم تصنيف ديوى العشرى | |
| رقم التصنيف | 612.044 |
| رقم الطبعة | 23 |
| رقم المادة | KWP |
| 100 1# - المدخل الرئيسى - إسم شخصى | |
| الإسم الشخصى | Kenney, W. Larry. |
| 9 (RLIN) | 38679 |
| 245 10 - بيان العنوان | |
| العنوان | Physiology of sport and exercise / |
| بيان المسئوليه,etc | W. Larry Kenney, Jack H. Wilmore, David L. Costill. |
| 250 ## - بيان الطبعة | |
| بيان الطبعة | 5th ed. |
| 260 ## - PUBLICATION, DISTRIBUTION, ETC. (IMPRINT) | |
| مكان الناشر او الموزع | Champaign, IL : |
| اسم الناشر او الموزع | Human Kinetics, |
| تاريخ النشر أو التوزيع | c2012. |
| 263 ## - تاريخ النشر المتوقع | |
| تاريخ النشر المتوقع | 1112 |
| 300 ## - الوصف المادى | |
| التعداد | p. ; |
| أبعاد الوعاء | cm. |
| 500 ## - تبصرة عامة | |
| تبصرة عامة | Rev. ed. of: Physiology of sport and exercise / Jack H. Wilmore, David L. Costill, W. Larry Kenney. |
| 504 ## - تبصرة ببليوجرافية | |
| تبصرة ببليوجرافية,الخ | Includes bibliographical references and index. |
| 505 0# - تبصرة محتويات-الفهرس | |
| تبصرة المحتويات المصاغة | Structure and function of exercising muscle -- Fuel for exercise: bioenergetics and muscle metabolism substrates -- Neural control of exercising muscle -- Hormonal control during exercise -- Energy expenditure and fatigue -- The cardiovascular system and its control -- The respiratory system and its regulation -- Cardiorespiratory responses to acute exercise -- Principles of exercise training -- Adaptations to resistance training -- Adaptations to aerobic and anaerobic training -- Exercise in hot and cold environments -- Exercise at altitude -- Training for sport -- Body composition and nutrition for sport -- Ergogenic aids and sport -- Children and adolescents in sport and exercise -- Aging in sport and exercise -- Sex differences in sport and exercise -- Prescription of exercise for health and fitness -- Cardiovascular disease and physical activity -- Obesity, diabetes, and physical activity. |
| 650 12 - المدخل الاضافى بالموضوع-مصطلح موضوعى | |
| مصطلح موضوعي أو اسم جغرافي كعنصر مدخل | Exercise |
| التقسيم الفرعي العام | physiology. |
| 9 (RLIN) | 19563 |
| 650 12 - المدخل الاضافى بالموضوع-مصطلح موضوعى | |
| مصطلح موضوعي أو اسم جغرافي كعنصر مدخل | Sports |
| التقسيم الفرعي العام | physiology. |
| 9 (RLIN) | 38680 |
| 650 22 - المدخل الاضافى بالموضوع-مصطلح موضوعى | |
| مصطلح موضوعي أو اسم جغرافي كعنصر مدخل | Physical Endurance. |
| 9 (RLIN) | 38681 |
| 650 22 - المدخل الاضافى بالموضوع-مصطلح موضوعى | |
| مصطلح موضوعي أو اسم جغرافي كعنصر مدخل | Physical Fitness. |
| 9 (RLIN) | 74921 |
| 700 1# - المدخل الاضافى - اسم شخصى | |
| الإسم الشخصى | Wilmore, Jack H., |
| التواريخ المصاحبة للاسم | 1938- |
| 9 (RLIN) | 38682 |
| 700 1# - المدخل الاضافى - اسم شخصى | |
| الإسم الشخصى | Costill, David L. |
| 9 (RLIN) | 38683 |
| 700 1# - المدخل الاضافى - اسم شخصى | |
| الإسم الشخصى | Wilmore, Jack H., |
| التواريخ المصاحبة للاسم | 1938- |
| عنوان العمل | Physiology of sport and exercise. |
| 9 (RLIN) | 38684 |
| 906 ## - عنصر بيانات محلى F, LDF (RLIN) | |
| a | 7 |
| b | cbc |
| c | orignew |
| d | 1 |
| e | ecip |
| f | 20 |
| g | y-gencatlg |
| 942 ## - عناصر المدخل الإضافي( كوها) | |
| مصدر التصنيف او مخطط الترفيف | Dewey Decimal Classification |
| Koha [default] item type | كتاب |
| حالة الفقد | نموذج السعر الفعال | حالة تلف | ليس للاعارة | رقم الطلب | تاريخ الاكتساب | الموقع الحالي | الباركود | الفرع الرئيسي | Date last checked out | Date last seen | نوع المادة فى نظام كوها | مصدر التصنيف او خطة الترفيف | Total Checkouts |
|---|---|---|---|---|---|---|---|---|---|---|---|---|---|
| 2013-10-30 | 612.044 KWP | 2013-10-30 | المكتبة المركزية بالمجمعة (CL) | 00402927 | المكتبة المركزية بالمجمعة (CL) | 2021-09-08 | 2022-06-28 | كتاب | Dewey Decimal Classification | 1 | |||
| 2013-10-30 | 612.044 KWP | 2013-10-30 | المكتبة المركزية بالمجمعة (CL) | 00402928 | المكتبة المركزية بالمجمعة (CL) | 2013-10-30 | كتاب | Dewey Decimal Classification | |||||
| 2013-10-30 | 612.044 KWP | 2013-10-30 | المكتبة المركزية بالمجمعة (CL) | 00402929 | المكتبة المركزية بالمجمعة (CL) | 2014-02-17 | 2014-06-12 | كتاب | Dewey Decimal Classification | 1 | |||
| 2013-10-30 | 612.044 KWP | 2013-10-30 | قسم الاجراءات الفنية (IC) | 00402931 | قسم الاجراءات الفنية (IC) | 2013-10-30 | كتاب | Dewey Decimal Classification | |||||
| 2013-10-30 | 612.044 KWP | 2013-10-30 | قسم الاجراءات الفنية (IC) | 00402932 | قسم الاجراءات الفنية (IC) | 2013-10-30 | كتاب | Dewey Decimal Classification | |||||
| 2019-08-22 | 612.044 KWP | 2019-08-22 | قسم الاجراءات الفنية (IC) | 00158030 | قسم الاجراءات الفنية (IC) | 2019-08-22 | كتاب | Dewey Decimal Classification | |||||
| 2019-08-22 | 612.044 KWP | 2019-08-22 | قسم الاجراءات الفنية (IC) | 00158031 | قسم الاجراءات الفنية (IC) | 2019-08-22 | كتاب | Dewey Decimal Classification | |||||
| 2013-10-30 | 612.044 KWP | 2013-10-30 | كلية الشريعة والقانون - طلاب | 00402933 | كلية الشريعة والقانون - طلاب | 2013-10-30 | كتاب | Dewey Decimal Classification |
